| 000 | 00376nam a22001697a 4500 | ||
|---|---|---|---|
| 005 | 20160622121004.0 | ||
| 008 | 160622b xxu||||| |||| 00| 0 eng d | ||
| 020 | _a0-07-463362-7 | ||
| 041 | _aeng | ||
| 082 | _b9192 | ||
| 100 |
_aSaxena, Rajan _91416 |
||
| 245 | _aMarketing Management | ||
| 260 |
_bTMH _c1998 |
||
| 300 | _a547 | ||
| 650 |
_aManagement _9241 |
||
| 942 | _cBK | ||
| 999 |
_c3548 _d3547 |
||